Revista de derecho privado y comunitario 2009 - 3 : automotores II /

Guardado en:
Formato: Libro
Idioma:Spanish
Publicado: Santa Fe : Rubinzal-Culzoni, 2010
Edición:1a. ed.
Materias:
Etiquetas: Agregar Etiqueta
Sin Etiquetas, Sea el primero en etiquetar este registro!
LEADER 00672nam a22002055a 4500
001 DER.der010220
008 180615s2010####ag#||||||||||||||#||spa||
005 20230612101051.0
245 1 0 |a Revista de derecho privado y comunitario 2009 - 3 :  |b automotores II /  |c dirigido por Héctor Alegría, y Jorge Mosset Iturraspe. 
250 |a 1a. ed. 
260 |a Santa Fe :  |b Rubinzal-Culzoni,  |c 2010 
300 |a 646 p. 
020 |a 9789873000775 
700 1 |a Alegría, Héctor,  |e dir. 
700 1 |a Mosset Iturraspe, Jorge,  |e dir. 
650 7 |a POSESION 
650 7 |a MEDIDAS CAUTELARES 
650 7 |a EVICION 
650 7 |a VICIOS REDHIBITORIOS 
859 |a DERECHO  |b BIB. DERECHO  |h 346  |i REV  |p 006413